Problems of Sustainable Development Worldwide and Public Policies for Green Economy

Riadenie hospodárskej činnosti v moderných podmienkach je často spojené s negatívnym dopadom na ekológiu. V súčasnosti dosiahla hospodárska aktivita úroveň, ktorá sa dá považovať za geologický a klimatický faktor. Tento trend je vážnym dôvodom na obavy a vedie k rozvoju ekologického hospodárstva. Mn...

Ausführliche Beschreibung

Gespeichert in:
Bibliographische Detailangaben
1. Verfasser: Vertakova, Yulia
Weitere Verfasser: Plotnikov, Vladimir
Format: Buchkapitel
Sprache:Englisch
Schlagworte:
Tags: Tag hinzufügen
Keine Tags, Fügen Sie das erste Tag hinzu!

MARC

LEADER 00000nla a2200000 4500
001 0241599
005 20240417075133.8
041 0 |a eng 
044 |a UA 
245 1 0 |a Problems of Sustainable Development Worldwide and Public Policies for Green Economy  |c Yulia Vertakova, Vladimir Plotnikov 
520 |a Riadenie hospodárskej činnosti v moderných podmienkach je často spojené s negatívnym dopadom na ekológiu. V súčasnosti dosiahla hospodárska aktivita úroveň, ktorá sa dá považovať za geologický a klimatický faktor. Tento trend je vážnym dôvodom na obavy a vedie k rozvoju ekologického hospodárstva. Mnohé krajiny vyvíjajú a implementujú špeciálne opatrenia verejnej politiky. Preto je obzvlášť dôležité zohľadňovať hlavné výzvy v oblasti sociálneho, hospodárskeho a environmentálneho rozvoja, ako aj štruktúrovanie verejných politík v oblasti ekologického hospodárstva. Koncepcia ochrany životného prostredia v oblasti sociálneho a ekonomického rozvoja. 
610 2 0 |a ekonomika ekologická 
610 2 0 |a ekonomika environmentálna 
610 2 0 |a politika verejná 
610 2 0 |a zodpovednosť spoločenská 
610 2 0 |a podnikanie zodpovedné 
100 1 |a Vertakova, Yulia 
700 1 |a Plotnikov, Vladimir